| 000 -LEADER |
| fixed length control field |
01434pam a2200361 a 4500 |
| 001 - CONTROL NUMBER |
| control field |
2367357 |
| 005 - DATE AND TIME OF LATEST TRANSACTION |
| control field |
20170114110415.0 |
| 008 - FIXED-LENGTH DATA ELEMENTS--GENERAL INFORMATION |
| fixed length control field |
840605s1984 nyua bc 000 0 eng |
| 010 ## - LIBRARY OF CONGRESS CONTROL NUMBER |
| LC control number |
84001191 |
| 020 ## - INTERNATIONAL STANDARD BOOK NUMBER |
| International Standard Book Number |
0870993763 |
| 020 ## - INTERNATIONAL STANDARD BOOK NUMBER |
| International Standard Book Number |
0870993755 (pbk.) |
| 020 ## - INTERNATIONAL STANDARD BOOK NUMBER |
| International Standard Book Number |
0810917270 (Abrams) |
| 040 ## - CATALOGING SOURCE |
| Original cataloging agency |
DLC |
| Transcribing agency |
DLC |
| Modifying agency |
DLC |
| 043 ## - GEOGRAPHIC AREA CODE |
| Geographic area code |
e-fr--- |
| 050 00 - LIBRARY OF CONGRESS CALL NUMBER |
| Classification number |
ND653 |
| Item number |
.G7A4 1984 |
| 100 1# - MAIN ENTRY--PERSONAL NAME |
| Personal name |
Gogh, Vincent van, |
| Dates associated with a name |
1853-1890. |
| 245 10 - TITLE STATEMENT |
| Title |
Van Gogh in Arles / |
| Statement of responsibility, etc. |
Ronald Pickvance. |
| 260 ## - PUBLICATION, DISTRIBUTION, ETC. (IMPRINT) |
| Place of publication, distribution, etc. |
New York : |
| Name of publisher, distributor, etc. |
Metropolitan Museum of Art : |
| -- |
H.N. Abrams, |
| Date of publication, distribution, etc. |
1984. |
| 300 ## - PHYSICAL DESCRIPTION |
| Extent |
271 p. : |
| Other physical details |
ill. (some col.) ; |
| Dimensions |
29 cm. |
| 500 ## - GENERAL NOTE |
| General note |
"Published in conjunction with the exhibition Van Gogh in Arles held at the Metropolitan Museum of Art, New York, 18 October-30 December 1984"--T.p. verso. |
| 504 ## - BIBLIOGRAPHY, ETC. NOTE |
| Bibliography, etc |
Bibliography: p. 267-[268] |
| 600 10 - SUBJECT ADDED ENTRY--PERSONAL NAME |
| Personal name |
Gogh, Vincent van, |
| Dates associated with a name |
1853-1890 |
| General subdivision |
Exhibitions. |
| 600 10 - SUBJECT ADDED ENTRY--PERSONAL NAME |
| Personal name |
Gogh, Vincent van, |
| Dates associated with a name |
1853-1890 |
| General subdivision |
Homes and haunts |
| Geographic subdivision |
France |
| -- |
Arles |
| General subdivision |
Exhibitions. |
| 650 #0 - SUBJECT ADDED ENTRY--TOPICAL TERM |
| Topical term or geographic name as entry element |
Painters |
| Geographic subdivision |
Netherlands |
| General subdivision |
Biography. |
| 651 #0 - SUBJECT ADDED ENTRY--GEOGRAPHIC NAME |
| Geographic name |
Arles (France) |
| General subdivision |
Exhibitions. |
| 651 #0 - SUBJECT ADDED ENTRY--GEOGRAPHIC NAME |
| Geographic name |
Arles (France) |
| General subdivision |
History |
| Chronological subdivision |
19th century. |
| 700 1# - ADDED ENTRY--PERSONAL NAME |
| Personal name |
Pickvance, Ronald. |
| 710 2# - ADDED ENTRY--CORPORATE NAME |
| Corporate name or jurisdiction name as entry element |
Metropolitan Museum of Art (New York, N.Y.) |
| 942 ## - ADDED ENTRY ELEMENTS (KOHA) |
| Source of classification or shelving scheme |
|
| Koha item type |
Hard Covered Materials |
| Classification part |
ND653 .G7A4 1984 |